000 01455nam2a2200253 4500
001 rc\3052682
005 20260315070130.0
035 _a(NLR Aleph) 007192027
090 _a13625355
_c13625355
100 _a20111011d1945 u y0rusy50 ca
101 0 _arus
102 _aRU
105 _aa z |||||
200 1 _aАэродинамика прямоточного воздушного реактивного двигателя
_eНекоторые вопросы динамики самолета с прямоточным воздушно-реактивным двигателем
210 _d1945
215 _a46 с.
_cграф.
461 0 _1001rc\3052681
_12001#$aТехнические отчеты$e№ 1$fНар. ком. авиац. пром. Науч.-исслед. ин-т № 1$v№ 1
_97547162
_aНаучно-исследовательский институт Министерства авиационной промышленности СССР (1)
_c[Москва]
_d1945-1947
_fНар. ком. авиац. пром. Науч.-исслед. ин-т № 1
_nИзд-во Бюро новой техники НКАП
_o№ 1
_tТехнические отчеты
_v№ 1
700 1 _4070
_7ca
_8rus
_aЩетинков
_bЕ. С.
_f1907-1976
_gЕвгений Сергеевич
_92641137
_3RU\NLR\AUTH\770273251
801 0 _aRU
_bNLR
_gpsbo
801 1 _aRU
_bELAR
_2rusmarc
852 _aNLR
_jФз02 Г-8/84
942 _cUNSPEC
980 _aNB